Význam konkurenčnej výhody v startupe bakalárska práca

Gespeichert in:
Bibliographische Detailangaben
1. Verfasser: Bagaeva, Líza
Körperschaft: Fakulta podnikového manažmentu EU. Katedra manažmentu
Weitere Verfasser: Mikle, Lenka, 1993-
Format: Buch
Sprache:Slowakisch
Veröffentlicht: Bratislava 2021
Tags: Tag hinzufügen
Keine Tags, Fügen Sie das erste Tag hinzu!

MARC

LEADER 00000nbm a2200000 4500
001 0275813
005 20211108114315.8
041 0 |a slo 
044 |a SK 
245 1 0 |a Význam konkurenčnej výhody v startupe  |b bakalárska práca  |c Líza Bagaeva ; školiteľ: Lenka Mikle 
264 1 |a Bratislava  |c 2021 
300 |a 42 s. 
100 1 |a Bagaeva, Líza 
700 1 |a Mikle, Lenka, 1993- 
710 2 |a Fakulta podnikového manažmentu EU. Katedra manažmentu